Concupiscencia de los ojos (Record no. 92149)

MARC details
000 -LEADER
campo de control de longitud fija 01562nam a2200457 i 4500
001 - NÚMERO DE CONTROL
campo de control MOR01000092470
003 - IDENTIFICADOR DE NÚMERO DE CONTROL
campo de control mxdfmo
005 - FECHA Y HORA DE LA ÚLTIMA TRANSACCIÓN
campo de control 20260331145633.0
007 - CAMPO FIJO DE DESCRIPCIÓN FÍSICA--INFORMACIÓN GENERAL
campo de control de longitud fija ta
008 - DATOS DE LONGITUD FIJA--INFORMACIÓN GENERAL
campo de control de longitud fija 100419s2009 vemao g bi a000 0dspa d
020 ## - NÚMERO INTERNACIONAL ESTÁNDAR DEL LIBRO
Número Internacional Estándar del Libro 978-607-7605-70-6
035 ## - NÚMERO DE CONTROL DEL SISTEMA
Número de control de sistema 100399
040 ## - FUENTE DE CATALOGACIÓN
Centro catalogador/agencia de origen mxcmmo
Lengua de catalogación spa
Normas de descripción rda
Centro/agencia transcriptor mxcmmo
041 0# - CÓDIGO DE IDIOMA
Código de lengua del texto/banda sonora o título independiente spa
043 ## - CÓDIGO DE ÁREA GEOGRÁFICA
Código de área geográfica n-mx---
045 ## - PERIODO DE TIEMPO DEL CONTENIDO
Código de periodo de tiempo w9x3
082 04 - NÚMERO DE LA CLASIFICACIÓN DECIMAL DEWEY
Número de clasificación 704.9421
Número de ítem GON.c
100 1# - ENTRADA PRINCIPAL--NOMBRE DE PERSONA
Nombre de persona González Reyes, Alba H.
9 (RLIN) 159416,
Término indicativo de función/relación autor
245 10 - MENCIÓN DEL TÍTULO
Título Concupiscencia de los ojos
Resto del título : el desnudo femenino en México 1897-1927/
Mención de responsabilidad, etc. Alba H. González Reyes
264 #1 - PRODUCCIÓN, PUBLICACIÓN, DISTRIBUCIÓN, FABRICACIÓN Y COPYRIGHT
Producción, publicación, distribución, fabricación y copyright Xalapa:
Nombre del de productor, editor, distribuidor, fabricante Universidad Veracruzana,
Fecha de producción, publicación, distribución, fabricación o copyright 2009.
300 ## - DESCRIPCIÓN FÍSICA
Extensión 401 páginas:
Otras características físicas ilustraciones, fotos;
Dimensiones 21 cm
336 ## - TIPO DE CONTENIDO
Término de tipo de contenido texto
Código de tipo de contenido txt
Fuente rdacontent
337 ## - TIPO DE MEDIO
Nombre/término del tipo de medio sin medio
Código del tipo de medio n
Fuente rdamedia
338 ## - TIPO DE SOPORTE
Nombre/término del tipo de soporte volumen
Código del tipo de soporte nc
Fuente rdacarrier
440 #0 - MENCIÓN DE SERIE/PUNTO DE ACCESO ADICIONAL--TÍTULO
Título Historia y sociedad (Universidad Veracruzana)
9 (RLIN) 159417
504 ## - NOTA DE BIBLIOGRAFÍA, ETC.
Nota de bibliografía, etc. Nota Bibliografía: p. 273-401
650 #7 - PUNTO DE ACCESO ADICIONAL DE MATERIA--TÉRMINO DE MATERIA
Término de materia o nombre geográfico como elemento de entrada Cuerpo humano
Subdivisión general Aspectos éticos y morales
9 (RLIN) 151207
650 #7 - PUNTO DE ACCESO ADICIONAL DE MATERIA--TÉRMINO DE MATERIA
Término de materia o nombre geográfico como elemento de entrada Desnudo en el arte
9 (RLIN) 135849
710 1# - ENTRADA AGREGADA--NOMBRE DE ENTIDAD CORPORATIVA
Nombre de entidad corporativa o nombre de jurisdicción como elemento de entrada Universidad Veracruzana
9 (RLIN) 3479
900 ## - ELEMENTOS DE DATOS A LOCAL, LDA (RLIN)
Nombre de persona BATCH-UPD
Numeración 40
Títulos y otros términos asociados al nombre 20120321
Lenguaje de la obra MOR01
-- 1720
900 ## - ELEMENTOS DE DATOS A LOCAL, LDA (RLIN)
Nombre de persona BATCH-UPD
Numeración Verónica Silva
Títulos y otros términos asociados al nombre 20120323
Lenguaje de la obra MOR01
-- 1754
900 ## - ELEMENTOS DE DATOS A LOCAL, LDA (RLIN)
Nombre de persona BATCH
Numeración 00
Títulos y otros términos asociados al nombre 20120322
Lenguaje de la obra MOR01
-- 1742
900 ## - ELEMENTOS DE DATOS A LOCAL, LDA (RLIN)
Nombre de persona CAT
Numeración 30
Títulos y otros términos asociados al nombre 20100419
Lenguaje de la obra MOR01
-- 1750
900 ## - ELEMENTOS DE DATOS A LOCAL, LDA (RLIN)
Nombre de persona CAT
Numeración 30
Títulos y otros términos asociados al nombre 20100420
Lenguaje de la obra MOR01
-- 1325
900 ## - ELEMENTOS DE DATOS A LOCAL, LDA (RLIN)
Nombre de persona KLASY
Numeración 30
Títulos y otros términos asociados al nombre 20100609
Lenguaje de la obra MOR01
-- 1551
900 ## - ELEMENTOS DE DATOS A LOCAL, LDA (RLIN)
Nombre de persona MARY
Numeración 05
Títulos y otros términos asociados al nombre 20100416
Lenguaje de la obra MOR01
-- 1548
900 ## - ELEMENTOS DE DATOS A LOCAL, LDA (RLIN)
Nombre de persona MARY
Numeración 05
Títulos y otros términos asociados al nombre 20100416
Lenguaje de la obra MOR01
-- 1548
900 ## - ELEMENTOS DE DATOS A LOCAL, LDA (RLIN)
Nombre de persona VOBO
Numeración 40
Títulos y otros términos asociados al nombre 20100811
Lenguaje de la obra MOR01
-- 1313
904 ## - ELEMENTOS DE DATOS D LOCAL, LDD (RLIN)
a UPDATE
942 ## - ELEMENTOS DE ENTRADA SECUNDARIOS (KOHA)
Código de la institución [OBSOLETO] BK
901 ## - ELEMENTOS DE DATOS A LOCAL LDA (RLIN)
a batch batch
Holdings
Estatus retirado Estado de pérdida Fuente del sistema de clasificación o colocación Estado de daño No para préstamo Colección Biblioteca de origen Biblioteca actual Ubicación en estantería Fecha de adquisición Fuente de adquisición Número de inventario Total de préstamos Signatura topográfica completa Código de barras Visto por última vez Precio de reemplazo Tipo de ítem Koha
    Clasificación Decimal Dewey     Libros (General) Biblioteca Instituto Mora Biblioteca Instituto Mora Regular 20/04/2010   118813   (G)/704.9421 GON.c 33068001261526 03/09/2024 03/09/2024 Libro préstamo regular